000 00830nas a2200277 4500
001 BR2013001848
003 BR-BrBNA
005 20231205122033.0
007 ta
008 230509b bl.|||p| |||| 00| 00por d
040 _aBR-BrBNA
_bpor
_cBiblioteca Nacional de Agricultura
041 _a(En)
072 _aF40; F62
100 1 _aCampagnolo, M.A.
100 1 _aPio, R.
245 1 _aPhenological and yield performance of black and redberry cultivars in western Paraná state
650 _aAMORA PRETA
650 _aFENOLOGIA
650 _aCRESCIMENTO
650 _aQUALIDADE
650 _aFRUTO
650 _aPRODUTIVIDADE
773 0 _tActa Scientiarum. Agronomy (Brazil)
_xISSN 1679-9275
_g(Oct-Dec 2012), v. 34(4) p. 439-444
_wBR2013001848
909 _a202311
_bLúcia
_c55
_dLúcia Elande
942 _2AGRIS
_n0
_cANA
999 _c226584
_d226584